000 00541nam a2200217Ia 4500
003 OSt
005 20220928141722.0
006 a|||||r|||| 00| 0
007 ta
008 220927b |||||||| |||| 00| 0 eng d
024 _a17104
037 _cTextual
040 _aSDCL
_cSDCL
_beng
041 _2eng
_aeng
082 _aO15x, N8
100 _aShastri Dejendra Nath
_9501790
245 0 _aSanskrit saahitya vimarsh.
260 _c1998
942 _hO15x, N8
_cTEXL
_2CC
999 _c819427
_d819427